000 00900cab a22002295a 4500
001 L147361
008 090501e20090425xxk f v 000 0 eng d
035 _a(Sirsi) u147361
041 0 _aeng
100 1 _aClegg, Virginia
245 0 4 _aThe future is bright, the future is green
260 _c2009
490 0 _aEstates Gazette
_v(0916) 25 April 2009, 132(1)
520 _aConsiders the advantages and disadvantages of introducing cash incentives to improve the energy efficiency of commercial buildings, as suggested by the All Party Urban Development Group.
590 _aKA
650 2 4 _aCOMMERCIAL ENERGY PERFORMANCE CERTIFICATES
650 2 4 _aBRE ENVIRONMENTAL ASSESSMENT METHOD (BREEAM)
651 4 _aEngland and Wales
_y1543-
690 _aENVIRONMENTAL AND LAND CONSULTANCY-ENERGY-ENERGY USE-ENERGY EFFICIENCY
690 _aBUILT ENVIRONMENT-SUSTAINABLE CONSTRUCTION
942 _n0
999 _c81510
_d81510